000 00748nas a2200241 4500
001 BR8002327
003 BR-BrBNA
005 20231205084306.0
007 ta
008 230509b bl.|||p| |||| 00| 00por d
040 _aBR-BrBNA
_bpor
_cBiblioteca Nacional de Agricultura
041 _a(En, Pt)
072 _aE70
100 1 _aVentura, D.
245 1 _aPolitica de consumo interno anda mais oculta que nunca [Politica comercial; Cafe; Brasil]
650 _aComercializacao
650 _aCafe
650 _aPolitica comercial
650 _aConsumo interno
773 0 _tRevista do Comercio de Cafe (Brazil)
_xISSN 0034-9224
_g(Sep 1980), v. 60(663) p. 30-32
_wBR8002327
909 _a202311
_bLúcia
_c55
_dLúcia Elande
942 _2AGRIS
_n0
_cANA
999 _c104318
_d104318